000 00574nam a2200217Ia 4500
003 OSt
005 20220928140613.0
006 a|||||r|||| 00| 0
007 ta
008 220927b |||||||| |||| 00| 0 eng d
024 _a9862
037 _cTextual
040 _aSDCL
_cSDCL
_beng
041 _2eng
_aeng
082 _aX:770gT, L1
100 _aPatten, JR Thomas H
_9496187
245 0 _aManpower planning and the development of human resources
260 _c1971
942 _hX:770gT, L1
_cTEXL
_2CC
999 _c812469
_d812469